MANAGING GENIUS MASTER THE ART OF MANAGI (Record no. 30739)

MARC details
000 -LEADER
fixed length control field 00344nam a2200133Ia 4500
008 - FIXED-LENGTH DATA ELEMENTS--GENERAL INFORMATION
fixed length control field 240624s9999 xx 000 0 und d
041 ## - LANGUAGE CODE
Language code of text/sound track or separate title eng
082 ## - DEWEY DECIMAL CLASSIFICATION NUMBER
Classification number 658.1 LON
100 ## - MAIN ENTRY--PERSONAL NAME
Personal name LONG DENNY
245 ## - TITLE STATEMENT
Title MANAGING GENIUS MASTER THE ART OF MANAGI
260 ## - PUBLICATION, DISTRIBUTION, ETC.
Date of publication, distribution, etc. 2015
Place of publication, distribution, etc. USA
Name of publisher, distributor, etc. Franklin Green Publishing
300 ## - PHYSICAL DESCRIPTION
Extent 304 p.; 23 cm.
365 ## - TRADE PRICE
Currency code
Price amount 38
Holdings
Withdrawn status Lost status Damaged status Not for loan Home library Current library Shelving location Date acquired Cost, normal purchase price Total Checkouts Full call number Barcode Date last seen Date last checked out Copy number Price effective from Koha item type
        IMTN IMTN Rack 20-B 05/02/2018 30.00 2 658.1 LON 30739 07/20/2025 07/06/2025 68.3 06/24/2024 Books
Designed & Maintained by: LRC IMT Nagpur Contact: lrc@imtnag.ac.in© 2024. All Rights Reserved.